Návrh riešenia systému odpadového hospodárstva na SjF STU v Bratislave

Salvato in:
Dettagli Bibliografici
Autore principale: Dubravčík, Ján, 1986- (Autore)
Altri autori: Križan, Peter, 1980- (Relatore della tesi)
Natura: Manoscritto Libro
Lingua:slovacco
Pubblicazione: Bratislava : STU v Bratislave SjF, 2012
Soggetti:
Accesso online:VAIS
Tags: Aggiungi Tag
Nessun Tag, puoi essere il primo ad aggiungerne!!

MARC

LEADER 00000ntm a22000003a 4500
001 stu263806
005 20150617230221.1
008 130312s2012----xo------------------slo-d
040 |a STU  |b slo 
041 0 |a slo 
044 |a xo 
100 1 |a Dubravčík, Ján,  |d 1986-  |4 aut  |u J  |T SjF Strojnícka fakulta  |X 40876  |U J  |Y 20  |7 A000040876 
242 0 0 |a Draft waste management solutions to SjF STU in Bratislava  |y eng 
245 1 |a Návrh riešenia systému odpadového hospodárstva na SjF STU v Bratislave 
260 |a Bratislava :  |b STU v Bratislave SjF,  |c 2012 
650 7 |a kvalita produkcie v strojárskych podnikoch  |2 stusub 
650 7 |a Quality of Production in Engineering Enterprises  |2 estusub 
650 7 |a waste management  |2 estusub 
650 7 |a návrh  |2 stusub 
650 7 |a odpadové hospodárstvo  |2 stusub 
700 1 |a Križan, Peter,  |d 1980-  |4 ths  |u J0070  |U SjF Strojnícka fakulta  |T SjF Ústav výrobných systémov, enviromentálnej techniky a manažment kvality  |X 38318  |U J0070  |Y 804  |7 A000038318 
856 4 |a info a plný text  |u http://is.stuba.sk/zp/portal_zp.pl?podrobnosti=85408  |3 VAIS